New species of water bat, genus Neusticomys anthony, from the Andes of Venezuela (Registro nro. 10285)

Detalles MARC
000 -CABECERA
Campo de control 005910000a22001810004500
090 ## - CLASIFICACIÓN LOCAL
Colección AR
Consecutivo 01199
041 0# - IDIOMA
Código de idioma para texto/pista de sonido o título separado
100 1# - ASIENTO PRINCIPAL--NOMBRE PERSONAL
Nombre personal Ochoa G., José
245 10 - MENCION DE TITULO
Título New species of water bat, genus Neusticomys anthony, from the Andes of Venezuela
650 14 - ASIENTO SECUNDARIO DE MATERIA - TERMINO TEMATICO
Término temático o nombre geográfico como elemento de entrada Roedores
650 14 - ASIENTO SECUNDARIO DE MATERIA - TERMINO TEMATICO
Término temático o nombre geográfico como elemento de entrada Taxonomía animal
650 14 - ASIENTO SECUNDARIO DE MATERIA - TERMINO TEMATICO
Término temático o nombre geográfico como elemento de entrada Nuevas especies
651 #4 - ASIENTO SECUNDARIO DE MATERIA - NOMBRE GEOGRAFICO
-- Cordillera de los Andes
-- Venezuela
653 ## - TERMINO DE INDIZACION - NO CONTROLADO
-- Neusticomys
-- Neusticomys mussoi
700 1# - ASIENTO SECUNDARIO - NOMBRE PERSONAL
Nombre personal Soriano M., Pascual J.
773 1# - Item fuente:
Título Journal of Mammalogy
Especificación de materiales 106
Descripción física 1
Paginas del Articulo 97-103
Lugar, editorial y fecha de publicación 1991
Información sobre la relación 72
942 ## - ELEMENTOS ADICIONALES (KOHA)
Tipo de ítem Artículo
Existencias
Withdrawn status Lost status Damaged status No para préstamo Colección Ubicación Permanente Ubicación actual Fecha de adquisición Datos de publicación Seriada Total Checkouts Número topográfico Inventario / Código de Barras Date last seen Ejemplar Price effective from Forma de adquisición Tipo de material
      No para Préstamo Hemeroteca Bogotá Bogotá 27/02/2015 Fuera de circulación   AR 01199 011521 25/03/2015 1 25/03/2015   Artículo